Ч. 2; Детали машин. Курсовое проектирование

Bibliografski detalji
Parent link:Детали машин. Курсовое проектирование: учебник для бакалавриата и магистратуры/ В. В. Гурин, В. М. Замятин, А. М. Попов; Национальный исследовательский Томский политехнический университет (ТПУ). Ч. 2.— , 2019
Sažetak:Использована сплошная пагинация
В учебнике Томского политехнического университета авторов Турина В. В., Замятина В. М, Попова А. М. "Детали машин. Курсовое проектирование" (в 2-х книгах) хорошо представлены основные принципы и правила выполнения конструкторских документов, методика проектирования изделий машиностроения и умение работать с нормативными документами (ГОСТами). На данный момент ряд ГОСТов, приводимый в учебнике, заменен. Однако это существенно не влияет собственно на процесс обучения конструированию деталей машин, и внесенные в нормативные документы изменения при необходимости могут быть учтены преподавателями. Подготовлен на кафедре теоретической и прикладной механики Томского поли­технического университета и кафедре прикладной механики Кемеровского техноло­гического института пищевой промышленности.
Jezik:ruski
Izdano: 2019
Teme:
Format: Knjiga
KOHA link:https://koha.lib.tpu.ru/cgi-bin/koha/opac-detail.pl?biblionumber=343535

MARC

LEADER 00000nam2a2200000 4500
001 343535
005 20231102005553.0
010 |a 9785534003826 
035 |a (RuTPU)RU\TPU\book\373934 
035 |a RU\TPU\book\194838 
035 |a RU\TPU\book\202685 
035 |a RU\TPU\book\330445 
090 |a 343535 
100 |a 20101103d2019 m y0rusy50 ca 
101 0 |a rus 
102 |a RU 
105 |a a j 001zy 
200 0 |a Ч. 2 
210 |d 2019 
215 |a 371-664 с.  |c ил. 
300 |a Использована сплошная пагинация 
320 |a Библиогр.: с. 662-663 
330 |a В учебнике Томского политехнического университета авторов Турина В. В., Замятина В. М, Попова А. М. "Детали машин. Курсовое проектирование" (в 2-х книгах) хорошо представлены основные принципы и правила выполнения конструкторских документов, методика проектирования изделий машиностроения и умение работать с нормативными документами (ГОСТами). На данный момент ряд ГОСТов, приводимый в учебнике, заменен. Однако это существенно не влияет собственно на процесс обучения конструированию деталей машин, и внесенные в нормативные документы изменения при необходимости могут быть учтены преподавателями. Подготовлен на кафедре теоретической и прикладной механики Томского поли­технического университета и кафедре прикладной механики Кемеровского техноло­гического института пищевой промышленности. 
461 1 |0 (RuTPU)RU\TPU\book\374466  |t Детали машин. Курсовое проектирование  |o учебник для бакалавриата и магистратуры  |o в 2 ч.  |f В. В. Гурин, В. М. Замятин, А. М. Попов  |g Национальный исследовательский Томский политехнический университет (ТПУ)  |v Ч. 2  |d 2019  |s Университеты России 
606 1 |a Детали машин  |x Курсовое проектирование  |2 stltpush  |3 (RuTPU)RU\TPU\subj\9171  |9 36449 
610 1 |a конструкционные материалы 
610 1 |a профили 
610 1 |a трубы 
610 1 |a размеры 
610 1 |a допуски 
610 1 |a посадки 
610 1 |a шероховатость 
610 1 |a сварка 
610 1 |a крепежные детали 
610 1 |a шпоночные детали 
610 1 |a шлицевые детали 
610 1 |a подшипники качения 
610 1 |a упоры 
610 1 |a канавки 
610 1 |a валы 
610 1 |a механические передачи 
610 1 |a двигатели 
610 1 |a муфты 
610 1 |a смазочные материалы 
610 1 |a литье 
610 1 |a редукторы 
610 1 |a конструкции 
610 1 |a курсовые проекты 
610 1 |a таблицы 
610 1 |a справочные материалы 
610 1 |a учебники 
610 1 |a труды учёных ТПУ 
675 |a 621.81.001.63(075.8)  |v 3 
801 1 |a RU  |b 63413507  |c 20191009 
801 2 |a RU  |b 63413507  |c 20191120  |g RCR 
942 |c BK 
959 |a 14/20191009  |d 1  |e 769,33  |f ЧЗТЛ:1